000 00455nam a2200157 i 4500
001 146498
003 ES-MaACL
005 20230906201545.0
007 t|
008 070911s1962 pr ||||1| spa d
245 0 0 _aTratado General de Psiquiatría /
_cJuan A. Roselló... [et al.].
260 _aPuerto Rico :
_bUniversidad,
_c1962.
300 _a800 p. :
_bil. ;
_c25 cm.
700 1 _aRoselló, Juan A.
_999695
852 _aES-MaACL
_jG-3881
_bR.51343
999 _c146498
_d146498